[Event "NB II. Erkel csoport"]
[Site "Szada"]
[Date "2024.03.10"]
[Round "6.8"]
[White "Veres, Istvan"]
[Black "Minga-Nagy, Abel Inti"]
[Result "0-1"]
[WhiteElo "1744"]
[BlackElo "1929"]
[PlyCount "76"]
[EventDate "2023.10.08"]
[EventType "team-tourn"]
[EventRounds "9"]
[EventCountry "HUN"]
[Source "chess.hu"]
[WhiteTeam "Godolloi SBE"]
[BlackTeam "HASE"]
[WhiteTeamCountry "HUN"]
[BlackTeamCountry "HUN"]

1. e3 c5 2. d4 cxd4 3. exd4 d5 4. Nf3 e6 5. Bd3 Nf6 6. O-O Bd6 7. b3 Nc6 8. Bb2
Qc7 9. c4 O-O 10. Ba3 Re8 11. Bxd6 Qxd6 12. c5 Qc7 13. Bb5 Ne4 14. b4 a6 15.
Bxc6 bxc6 16. Nbd2 Nxd2 17. Qxd2 f6 18. a4 e5 19. dxe5 fxe5 20. b5 e4 21. Rfe1
axb5 22. a5 Ba6 23. Nd4 Reb8 24. Qb4 Re8 25. Re3 Rac8 26. Rae1 Qf7 27. Qd2 Rf8
28. Nc2 Qc7 29. Qb4 Rf6 30. Nd4 Rcf8 31. f3 Qf7 32. Qc3 Qg6 33. g3 b4 34. Qb3
Bc4 35. Qxb4 exf3 36. Kf2 Qg4 37. Qc3 Qh3 38. Nxf3 Qxh2# 0-1

[Event "NB II. Erkel csoport"]
[Site "Szada"]
[Date "2024.03.10"]
[Round "6.9"]
[White "Deli, Kristof"]
[Black "Molnar, Laszlo"]
[Result "1-0"]
[WhiteElo "1912"]
[BlackElo "1742"]
[PlyCount "79"]
[EventDate "2023.10.08"]
[EventType "team-tourn"]
[EventRounds "9"]
[EventCountry "HUN"]
[Source "chess.hu"]
[WhiteTeam "HASE"]
[BlackTeam "Godolloi SBE"]
[WhiteTeamCountry "HUN"]
[BlackTeamCountry "HUN"]

1. e4 Nf6 2. e5 Nd5 3. d4 d6 4. c4 Nb6 5. exd6 cxd6 6. Nf3 g6 7. Nc3 Bg7 8. Be2
Nc6 9. Be3 O-O 10. O-O Re8 11. d5 Ne5 12. Nxe5 Bxe5 13. Rc1 Nd7 14. b4 Bg7 15.
c5 dxc5 16. bxc5 Nf6 17. Bf3 Qa5 18. Qb3 Bg4 19. Bxg4 Nxg4 20. Ne4 Nf6 21. Ng5
h6 22. Nf3 Qc7 23. g3 Nh5 24. Rfd1 Red8 25. Nd4 Qd7 26. Nb5 Qh3 27. Qd3 Nf6 28.
f3 Rxd5 29. Qc4 Rad8 30. Re1 Nh5 31. Bf2 e6 32. Nd6 Bd4 33. Bxd4 Nxg3 34. Rc2
Nf5 35. Bf2 Nxd6 36. cxd6 Rg5+ 37. Bg3 Rxd6 38. Kf2 Rgd5 39. Bxd6 Rxd6 40. Qf4
1-0

[Event "NB II. Erkel csoport"]
[Site "Szada"]
[Date "2024.03.10"]
[Round "6.10"]
[White "Haaz, Gabor Istvan"]
[Black "Demjen, Attila"]
[Result "0-1"]
[WhiteElo "1650"]
[BlackElo "1893"]
[PlyCount "148"]
[EventDate "2023.10.08"]
[EventType "team-tourn"]
[EventRounds "9"]
[EventCountry "HUN"]
[Source "chess.hu"]
[WhiteTeam "Godolloi SBE"]
[BlackTeam "HASE"]
[WhiteTeamCountry "HUN"]
[BlackTeamCountry "HUN"]

1. e4 c6 2. d4 d5 3. exd5 cxd5 4. Bd3 Nf6 5. c3 Nc6 6. Bf4 Bg4 7. Qb3 Qc8 8.
Nd2 e6 9. Ngf3 Be7 10. O-O O-O 11. Qc2 Bh5 12. Rfe1 Qd8 13. Bg5 Bg6 14. Bxg6
hxg6 15. Bf4 Rc8 16. h3 b5 17. a3 a5 18. Qd3 Qb6 19. Ne5 Nxe5 20. Bxe5 Nd7 21.
Nf3 Rc6 22. Rec1 Rfc8 23. Bf4 Qb7 24. Ne5 Nxe5 25. Bxe5 b4 26. axb4 axb4 27.
Bf4 bxc3 28. bxc3 Qb3 29. Rab1 Qa2 30. Ra1 Qc4 31. Qxc4 Rxc4 32. Bd2 f6 33. Ra6
Kf7 34. Ra7 R8c7 35. Rxc7 Rxc7 36. f4 Bd6 37. Kf2 Rb7 38. Rc2 Rc7 39. Rc1 Ke7
40. Kf3 Ba3 41. Rb1 Kd7 42. Rb8 Bd6 43. Rb6 Ra7 44. Rb2 Kc6 45. Kg4 Ra4 46. Kf3
Bc7 47. Ke2 Ra1 48. Kf2 Bb6 49. Be3 Ra3 50. Rc2 Kd6 51. Rb2 Kc6 52. Rc2 Kd6 53.
Rb2 Ba5 54. Rb7 Bc7 55. Bd2 Ra2 56. Ke3 Kc6 57. Rb3 Bxf4+ 58. Kxf4 Rxd2 59. g3
Rf2+ 60. Ke3 Ra2 61. Rb8 Ra7 62. Re8 Kd6 63. Rd8+ Rd7 64. Re8 Re7 65. Rd8+ Kc6
66. Rc8+ Rc7 67. Re8 Kd7 68. Rg8 Rxc3+ 69. Kf4 g5+ 70. Kg4 Rd3 71. Rxg7+ Kd6
72. Rf7 f5+ 73. Kxg5 Rxg3+ 74. Kh4 Rd3 0-1

[Event "NB II. Erkel csoport"]
[Site "Szada"]
[Date "2024.03.10"]
[Round "6.11"]
[White "Zoltan, Andras"]
[Black "Dezso, Edmond Bence"]
[Result "1/2-1/2"]
[WhiteElo "1810"]
[BlackElo "1597"]
[PlyCount "59"]
[EventDate "2023.10.08"]
[EventType "team-tourn"]
[EventRounds "9"]
[EventCountry "HUN"]
[Source "chess.hu"]
[WhiteTeam "HASE"]
[BlackTeam "Godolloi SBE"]
[WhiteTeamCountry "HUN"]
[BlackTeamCountry "HUN"]

1. e4 e5 2. Bc4 Nf6 3. d4 exd4 4. Nf3 d5 5. exd5 Bb4+ 6. c3 dxc3 7. bxc3 Bc5 8.
O-O O-O 9. Bg5 h6 10. Bh4 Bg4 11. Qd3 Nbd7 12. Bb3 Bd6 13. Nbd2 g5 14. Bg3 Bxg3
15. fxg3 Nc5 16. Qd4 Nxb3 17. axb3 Bxf3 18. Rxf3 Nxd5 19. Ne4 f5 20. Nc5 Qd6
21. Rd3 b6 22. Na4 Rad8 23. Rad1 Qe6 24. Qf2 Rd7 25. c4 Nf6 26. Rxd7 Nxd7 27.
Nc3 c6 28. Qd2 Nc5 29. Re1 Nxb3 30. Qxg5+ 1/2-1/2

[Event "NB II. Erkel csoport"]
[Site "Vac"]
[Date "2024.03.10"]
[Round "6.1"]
[White "Boricsev, Oleg"]
[Black "Gyenes, Mate"]
[Result "1/2-1/2"]
[WhiteElo "2193"]
[BlackElo "2155"]
[PlyCount "140"]
[EventDate "2023.10.08"]
[EventType "team-tourn"]
[EventRounds "9"]
[EventCountry "HUN"]
[Source "chess.hu"]
[WhiteTeam "Egri Bolyky BastyaSE"]
[BlackTeam "Vaci SC"]
[WhiteTeamCountry "HUN"]
[BlackTeamCountry "HUN"]

1. e4 Nf6 2. e5 Nd5 3. Nc3 Nxc3 4. dxc3 d6 5. Bc4 Nc6 6. Nf3 dxe5 7. Qxd8+ Nxd8
8. Nxe5 f6 9. Nd3 e5 10. O-O Be6 11. Bxe6 Nxe6 12. Re1 Kf7 13. f4 exf4 14. Nxf4
Bc5+ 15. Kf1 Rhe8 16. Nxe6 Rxe6 17. Bf4 c6 18. b4 Rxe1+ 19. Rxe1 Bb6 20. c4 Re8
21. Rxe8 Kxe8 22. c5 Bd8 23. Ke2 Kd7 24. h3 Bc7 25. Bd2 Ke6 26. Kd3 f5 27. c4
Ke5 28. Ke3 f4+ 29. Kd3 g5 30. Be1 Kf5 31. a4 h5 32. Bf2 Be5 33. Be1 Bb2 34.
Bd2 Ke5 35. Be1 Bd4 36. g4 h4 37. Bd2 Bb2 38. Be1 Ba1 39. Bd2 Bd4 40. Be1 Bb2
41. Bd2 Bd4 42. Bc1 a5 43. bxa5 Bxc5 44. Bb2+ Ke6 45. Ke4 Bb4 46. a6 bxa6 47.
Bd4 c5 48. Bb2 Bd2 49. Ba1 Be3 50. Bc3 Bd4 51. Ba5 Bf6 52. Be1 Kd6 53. Bd2 Kc6
54. Be1 Kb6 55. Kf5 Be7 56. Ke6 Bd8 57. Kd5 Be7 58. Ke6 Bd8 59. Kd5 Bf6 60. a5+
Kb7 61. Kxc5 f3 62. Kd5 Bc3 63. Bf2 Bxa5 64. Ke4 Bb6 65. c5 Bd8 66. Kxf3 Kc6
67. Ke4 a5 68. Kd4 Be7 69. Kc4 a4 70. Be3 a3 {Olvashatatlan.} 1/2-1/2

[Event "NB II. Erkel csoport"]
[Site "Vac"]
[Date "2024.03.10"]
[Round "6.2"]
[White "Mirza, Solyom"]
[Black "Huszar, Mark"]
[Result "1/2-1/2"]
[WhiteElo "2059"]
[BlackElo "2083"]
[PlyCount "119"]
[EventDate "2023.10.08"]
[EventType "team-tourn"]
[EventRounds "9"]
[EventCountry "HUN"]
[Source "chess.hu"]
[WhiteTeam "Vaci SC"]
[BlackTeam "Egri Bolyky BastyaSE"]
[WhiteTeamCountry "HUN"]
[BlackTeamCountry "HUN"]

1. e4 e5 2. f4 d5 3. exd5 c6 4. Nc3 exf4 5. Nf3 Bd6 6. d4 Ne7 7. dxc6 Nbxc6 8.
d5 Nb4 9. Bc4 Bf5 10. Bb3 Bg4 11. O-O O-O 12. Ne4 Nf5 13. c3 Na6 14. Qd3 Qb6+
15. Kh1 Nc5 16. Nxc5 Qxc5 17. Ng5 Qc7 18. Ne4 Be5 19. Nf2 Nh6 20. Nxg4 Nxg4 21.
Qf3 Ne3 22. Bxe3 fxe3 23. g3 Bd6 24. Qxe3 Rfe8 25. Qf3 Re5 26. Rae1 Rae8 27.
Rxe5 Rxe5 28. c4 b6 29. Rf2 Qe7 30. Bd1 Bc5 31. Re2 Rxe2 32. Bxe2 Qe3 33. Qxe3
Bxe3 34. Kg2 Bc5 35. Kf3 Kf8 36. Ke4 Ke7 37. Kd3 f5 38. Kc3 a5 39. a3 Kd6 40.
Bd3 g6 41. b4 axb4+ 42. axb4 Bg1 43. h3 h5 44. g4 hxg4 45. hxg4 fxg4 46. Bxg6
Bf2 47. Be4 Be3 48. Bg2 g3 49. Kb3 Bf2 50. Ka4 Be3 51. Kb5 Bf2 52. Ka6 Be3 53.
Kb5 Bf2 54. Ka4 Be3 55. Kb3 Bf2 56. c5+ bxc5 57. b5 c4+ 58. Kxc4 Bb6 59. Kb4
Ke5 60. Kc4 1/2-1/2

[Event "NB II. Erkel csoport"]
[Site "Vac"]
[Date "2024.03.10"]
[Round "6.3"]
[White "Vas, Vince"]
[Black "Tornai, Imre"]
[Result "1/2-1/2"]
[WhiteElo "1963"]
[BlackElo "2017"]
[PlyCount "87"]
[EventDate "2023.10.08"]
[EventType "team-tourn"]
[EventRounds "9"]
[EventCountry "HUN"]
[Source "chess.hu"]
[WhiteTeam "Egri Bolyky BastyaSE"]
[BlackTeam "Vaci SC"]
[WhiteTeamCountry "HUN"]
[BlackTeamCountry "HUN"]

1. d4 Nf6 2. c4 e6 3. g3 Bb4+ 4. Bd2 a5 5. Bg2 d5 6. a3 Be7 7. Bc3 b6 8. Nf3
Ne4 9. Ne5 f5 10. Nd2 O-O 11. Nxe4 dxe4 12. f3 exf3 13. Bxf3 Ra7 14. Qc2 Bd6
15. O-O-O Qg5+ 16. Bd2 Qf6 17. h4 Bxe5 18. Bg5 Qf7 19. dxe5 Nd7 20. Qc3 Nc5 21.
h5 Bb7 22. Rh4 a4 23. Kb1 h6 24. Be3 Ne4 25. Bxe4 Bxe4+ 26. Ka1 Raa8 27. Rg1
Rfd8 28. g4 f4 29. Bc1 Qe7 30. g5 hxg5 31. Rhg4 Rd7 32. Rxg5 Qf8 33. R5g4 Qc5
34. h6 g6 35. Bxf4 Rad8 36. h7+ Rxh7 37. Be3 Qc6 38. Bg5 Rdd7 39. Bf6 Bf5 40.
R4g3 Rh1 41. Ka2 Rd1 42. Rxg6+ Bxg6 43. Rxg6+ Kf8 44. Rg8+ 1/2-1/2

[Event "NB II. Erkel csoport"]
[Site "Vac"]
[Date "2024.03.10"]
[Round "6.4"]
[White "Trajber, Csaba Dr"]
[Black "Huszar, Lorant"]
[Result "1/2-1/2"]
[WhiteElo "1978"]
[BlackElo "1959"]
[PlyCount "54"]
[EventDate "2023.10.08"]
[EventType "team-tourn"]
[EventRounds "9"]
[EventCountry "HUN"]
[Source "chess.hu"]
[WhiteTeam "Vaci SC"]
[BlackTeam "Egri Bolyky BastyaSE"]
[WhiteTeamCountry "HUN"]
[BlackTeamCountry "HUN"]

1. e4 e5 2. Nf3 Nc6 3. Bb5 a6 4. Ba4 Nf6 5. Nc3 b5 6. Bb3 Be7 7. d3 O-O 8. a4
b4 9. Nd5 d6 10. Bd2 Rb8 11. h3 Be6 12. a5 Bxd5 13. exd5 Na7 14. Be3 c5 15.
dxc6 Nxc6 16. Bb6 Qc8 17. O-O Bd8 18. Be3 Nxa5 19. Ba4 Bb6 20. Bg5 Nd5 21. Nd2
h6 22. Qf3 hxg5 23. Qxd5 Qc5 24. Qf3 g4 25. hxg4 Qd4 26. Nb3 Nxb3 27. Bxb3 a5
1/2-1/2

[Event "NB II. Erkel csoport"]
[Site "Vac"]
[Date "2024.03.10"]
[Round "6.5"]
[White "Kovacs, Daniel"]
[Black "Veres, Istvan"]
[Result "1-0"]
[WhiteElo "1973"]
[BlackElo "1983"]
[PlyCount "81"]
[EventDate "2023.10.08"]
[EventType "team-tourn"]
[EventRounds "9"]
[EventCountry "HUN"]
[Source "chess.hu"]
[WhiteTeam "Egri Bolyky BastyaSE"]
[BlackTeam "Vaci SC"]
[WhiteTeamCountry "HUN"]
[BlackTeamCountry "HUN"]

1. e4 c5 2. Nf3 Nc6 3. d4 cxd4 4. Nxd4 Nf6 5. Nc3 e5 6. Ndb5 d6 7. Bg5 a6 8.
Na3 b5 9. Nd5 Qa5+ 10. Bd2 Qd8 11. Bg5 Qa5+ 12. Bd2 Qd8 13. Nxf6+ Qxf6 14. c4
Qg6 15. f3 Be7 16. cxb5 Nd4 17. Be3 Bh4+ 18. g3 Bxg3+ 19. hxg3 Qxg3+ 20. Bf2
Nxf3+ 21. Ke2 Qf4 22. Qd5 O-O 23. Bh3 Bxh3 24. Rxh3 Ng5 25. Re3 Qg4+ 26. Kd2
Qg2 27. Re2 Nf3+ 28. Kd3 axb5 29. Nxb5 Qh3 30. Be3 Ra4 31. b3 Raa8 32. Rc1 Ng5
33. a4 Ne6 34. Kd2 Rac8 35. Nc3 Nf4 36. Bxf4 exf4 37. Qd3 Qe6 38. Nd5 Rxc1 39.
Kxc1 Rc8+ 40. Rc2 g5 41. Ne7+ 1-0

[Event "NB II. Erkel csoport"]
[Site "Vac"]
[Date "2024.03.10"]
[Round "6.6"]
[White "Imecs, Laszlo"]
[Black "Vajda, Albert Sr"]
[Result "1-0"]
[WhiteElo "2070"]
[BlackElo "2053"]
[PlyCount "47"]
[EventDate "2023.10.08"]
[EventType "team-tourn"]
[EventRounds "9"]
[EventCountry "HUN"]
[Source "chess.hu"]
[WhiteTeam "Vaci SC"]
[BlackTeam "Egri Bolyky BastyaSE"]
[WhiteTeamCountry "HUN"]
[BlackTeamCountry "HUN"]

1. e4 e5 2. f4 d5 3. exd5 c6 4. Nf3 exf4 5. d4 Bd6 6. dxc6 Nxc6 7. Bc4 Nge7 8.
Nc3 O-O 9. Ne4 Nf5 10. O-O Bc7 11. c3 Nh4 12. Nfg5 f3 13. Nxf7 Bxh2+ 14. Kxh2
Qc7+ 15. Nfd6+ Kh8 16. g3 Qd7 17. Nxc8 Raxc8 18. Ng5 Qg4 19. Be6 Qh5 20. g4 Qe8
21. Qd3 g6 22. Kg3 h6 23. Bxc8 Ne5 24. Qe3 1-0

[Event "NB II. Erkel csoport"]
[Site "Vac"]
[Date "2024.03.10"]
[Round "6.7"]
[White "Botos, Krisztian"]
[Black "Kiss, Pal Vac"]
[Result "1/2-1/2"]
[WhiteElo "1965"]
[BlackElo "1957"]
[PlyCount "81"]
[EventDate "2023.10.08"]
[EventType "team-tourn"]
[EventRounds "9"]
[EventCountry "HUN"]
[Source "chess.hu"]
[WhiteTeam "Egri Bolyky BastyaSE"]
[BlackTeam "Vaci SC"]
[WhiteTeamCountry "HUN"]
[BlackTeamCountry "HUN"]

1. e4 Nc6 2. Nc3 Nf6 3. Bc4 e5 4. Nf3 Bc5 5. O-O d6 6. h3 a6 7. a4 O-O 8. d3 h6
9. Be3 Be6 10. Bxe6 fxe6 11. Bxc5 dxc5 12. Ne2 Nh5 13. Ng3 Nf4 14. Qd2 Nxh3+
15. Kh2 Rxf3 16. Kxh3 Rf4 17. Kh2 Qh4+ 18. Kg1 Nd4 19. Rae1 Qg5 20. c3 Nc6 21.
Ne2 Rxf2 22. Qxg5 Rxf1+ 23. Rxf1 hxg5 24. Rf3 b5 25. a5 Nxa5 26. Rg3 Rd8 27.
Rxg5 Nc6 28. Rg3 a5 29. Kf2 a4 30. Ke3 b4 31. Rh3 Na5 32. Rh5 Nb3 33. cxb4 cxb4
34. Rxe5 c5 35. Rxe6 Ra8 36. Rb6 a3 37. bxa3 bxa3 38. Nc3 Nc1 39. e5 a2 40.
Nxa2 Nxa2 41. g4 1/2-1/2

[Event "NB II. Erkel csoport"]
[Site "Vac"]
[Date "2024.03.10"]
[Round "6.9"]
[White "Gordos, Csaba Dr"]
[Black "Kovolgyi, Krisztian"]
[Result "1-0"]
[WhiteElo "1885"]
[BlackElo "1842"]
[PlyCount "43"]
[EventDate "2023.10.08"]
[EventType "team-tourn"]
[EventRounds "9"]
[EventCountry "HUN"]
[Source "chess.hu"]
[WhiteTeam "Egri Bolyky BastyaSE"]
[BlackTeam "Vaci SC"]
[WhiteTeamCountry "HUN"]
[BlackTeamCountry "HUN"]

1. e4 e5 2. Nc3 Nf6 3. f4 Nc6 4. fxe5 Nxe5 5. d4 Ng6 6. Nf3 d6 7. Bc4 h6 8. O-O
Be7 9. e5 dxe5 10. Nxe5 Nxe5 11. dxe5 Bc5+ 12. Kh1 Qxd1 13. Nxd1 Ng4 14. Bxf7+
Ke7 15. Bb3 Nxe5 16. Bf4 Rf8 17. Nc3 Bd6 18. Bxe5 Rxf1+ 19. Rxf1 Bxe5 20. Re1
Kf6 21. Nd5+ Kf5 22. g4+ 1-0

[Event "NB II. Erkel csoport"]
[Site "Vac"]
[Date "2024.03.10"]
[Round "6.10"]
[White "Kiss, Sandor"]
[Black "Orojan, Sandor"]
[Result "0-1"]
[WhiteElo "1801"]
[BlackElo "1716"]
[PlyCount "48"]
[EventDate "2023.10.08"]
[EventType "team-tourn"]
[EventRounds "9"]
[EventCountry "HUN"]
[Source "chess.hu"]
[WhiteTeam "Vaci SC"]
[BlackTeam "Egri Bolyky BastyaSE"]
[WhiteTeamCountry "HUN"]
[BlackTeamCountry "HUN"]

1. c4 e5 2. Nc3 Nf6 3. e3 c6 4. d4 e4 5. Qc2 d5 6. cxd5 cxd5 7. Nge2 Nbd7 8.
Qa4 Bd6 9. Nb5 Bb8 10. Nbc3 O-O 11. Bd2 Nb6 12. Qc2 Nc4 13. Bc1 Be6 14. f3 exf3
15. gxf3 Nh5 16. b3 Qh4+ 17. Kd1 Nb6 18. e4 Bd6 19. e5 Bb4 20. Qd2 Rac8 21. Kc2
Bf5+ 22. Kb2 Qe7 23. a3 Ba5 24. b4 Nc4+ 0-1

[Event "NB II. Erkel csoport"]
[Site "Vac"]
[Date "2024.03.10"]
[Round "6.11"]
[White "Kovacs, Rebeka Zsofia"]
[Black "Prohaszka, Gyula Imre"]
[Result "0-1"]
[WhiteElo "1600"]
[BlackElo "1724"]
[PlyCount "120"]
[EventDate "2023.10.08"]
[EventType "team-tourn"]
[EventRounds "9"]
[EventCountry "HUN"]
[Source "chess.hu"]
[WhiteTeam "Egri Bolyky BastyaSE"]
[BlackTeam "Vaci SC"]
[WhiteTeamCountry "HUN"]
[BlackTeamCountry "HUN"]

1. e4 c6 2. d4 d5 3. exd5 cxd5 4. Bd3 Nc6 5. Nf3 Bg4 6. Be3 e5 7. dxe5 d4 8.
Bf4 g5 9. Bg3 Bg7 10. O-O Nge7 11. c3 h5 12. h3 Bxf3 13. Qxf3 Bxe5 14. Re1 Bxg3
15. Qxg3 g4 16. hxg4 hxg4 17. Bb5 Qd7 18. cxd4 O-O-O 19. d5 Qxd5 20. Qxg4+ f5
21. Qe2 Nd4 22. Qc4+ Qxc4 23. Bxc4 Nc2 24. Rxe7 Rd1+ 25. Bf1 Nxa1 26. Nc3 Rc1
27. g3 Nc2 28. Kg2 Ne1+ 29. Kg1 Nd3 30. Kg2 Nxb2 31. Re3 f4 32. Rf3 fxg3 33.
Rxg3 Rc2 34. Nd5 Nd1 35. Rf3 Rg8+ 36. Kh3 Nxf2+ 37. Kh4 Rh8+ 38. Kg3 Nh1+ 39.
Kg4 Rg8+ 40. Kf5 Rf8+ 41. Nf6 Rxa2 42. Kg6 Rf2 43. Rc3+ Kd8 44. Rd3+ Kc7 45.
Rc3+ Kb8 46. Nd7+ Ka8 47. Nxf8 Rxf8 48. Kg7 Rd8 49. Rf3 a6 50. Bg2 Rd1 51. Rf7
Rg1 52. Kf6 Rxg2 53. Ke5 Rd2 54. Rf1 Nf2 55. Rb1 b5 56. Kf4 Kb7 57. Rb3 Kb6 58.
Ke3 Rc2 59. Kd4 a5 60. Rf3 Rc4+ 0-1

[Event "NB II. Erkel csoport"]
[Site "Vac"]
[Date "2024.03.10"]
[Round "6.12"]
[White "Keresztesi, Aron Bendeguz"]
[Black "Kovacs, Kolos Rego"]
[Result "0-1"]
[WhiteElo "1556"]
[BlackElo "1459"]
[PlyCount "100"]
[EventDate "2023.10.08"]
[EventType "team-tourn"]
[EventRounds "9"]
[EventCountry "HUN"]
[Source "chess.hu"]
[WhiteTeam "Vaci SC"]
[BlackTeam "Egri Bolyky BastyaSE"]
[WhiteTeamCountry "HUN"]
[BlackTeamCountry "HUN"]

1. d4 Nf6 2. Nf3 g6 3. g3 Bg7 4. Bg2 O-O 5. O-O d5 6. b3 Bf5 7. h3 Nc6 8. Bb2
Nb4 9. Na3 Qd6 10. c3 Nc6 11. Nc2 Qd7 12. Kh2 Ne4 13. Ne3 Rad8 14. Nxf5 Qxf5
15. e3 e5 16. Qc2 Nxg3 17. Qxf5 Nxf5 18. Kg1 e4 19. Nd2 Nh4 20. Rfe1 Nxg2 21.
Kxg2 f5 22. Kf1 Rfe8 23. Ke2 Kf7 24. Kd1 h5 25. h4 Bf6 26. Rh1 Rh8 27. Kc2 g5
28. hxg5 Bxg5 29. Rag1 Kf6 30. Bc1 Rdg8 31. f4 exf3 32. Nxf3 Rg6 33. Nxg5 Rxg5
34. Rxg5 Kxg5 35. e4+ Kf6 36. e5+ Ke6 37. Bg5 Ne7 38. c4 c6 39. Bxe7 Kxe7 40.
Kd2 h4 41. Ke3 h3 42. Kf3 Ke6 43. Kg3 h2 44. Rxh2 Rxh2 45. Kxh2 dxc4 46. bxc4
c5 47. d5+ Kxe5 48. Kg3 b5 49. cxb5 Kxd5 50. a4 Kc4 0-1

[Event "NB II. Erkel csoport"]
[Site "Budapest"]
[Date "2024.03.10"]
[Round "6.1"]
[White "Sagi, Bence"]
[Black "Reviczki, Roland"]
[Result "1/2-1/2"]
[WhiteElo "2164"]
[BlackElo "2238"]
[PlyCount "39"]
[EventDate "2023.10.08"]
[EventType "team-tourn"]
[EventRounds "9"]
[EventCountry "HUN"]
[Source "chess.hu"]
[WhiteTeam "Fot SE-LearningChess"]
[BlackTeam "TFSE"]
[WhiteTeamCountry "HUN"]
[BlackTeamCountry "HUN"]

1. d4 Nf6 2. Bf4 d5 3. Nf3 c5 4. e3 Nc6 5. Nbd2 Qb6 6. dxc5 Qxb2 7. Rb1 Qc3 8.
Bb5 Qxc5 9. c4 dxc4 10. Bxc4 e6 11. O-O Be7 12. Bd3 O-O 13. Rb5 Qa3 14. Nc4
Qxa2 15. Rb2 Qa6 16. Qb1 Qa4 17. Ra2 Qb4 18. Rb2 Qa4 19. Ra2 Qb4 20. Rb2
1/2-1/2

[Event "NB II. Erkel csoport"]
[Site "Budapest"]
[Date "2024.03.10"]
[Round "6.2"]
[White "Laszlo, Csaba"]
[Black "Bravin, Alexey"]
[Result "1/2-1/2"]
[WhiteElo "2049"]
[BlackElo "2059"]
[PlyCount "70"]
[EventDate "2023.10.08"]
[EventType "team-tourn"]
[EventRounds "9"]
[EventCountry "HUN"]
[Source "chess.hu"]
[WhiteTeam "TFSE"]
[BlackTeam "Fot SE-LearningChess"]
[WhiteTeamCountry "HUN"]
[BlackTeamCountry "HUN"]

1. e4 c5 2. Nf3 Nc6 3. d4 cxd4 4. Nxd4 Nf6 5. Nc3 e5 6. Ndb5 d6 7. Bg5 a6 8.
Na3 b5 9. Nd5 Be7 10. Bxf6 Bxf6 11. c3 Rb8 12. Nc2 Bg5 13. Bd3 O-O 14. O-O g6
15. Qe2 Kh8 16. a4 bxa4 17. Ncb4 Nxb4 18. Nxb4 Qb6 19. Ra2 Be6 20. Bc4 a5 21.
Nd5 Bxd5 22. Bxd5 a3 23. b3 Qc5 24. Qc4 Rbc8 25. Qxc5 Rxc5 26. c4 Kg7 27. Rd1
Rb8 28. Rxa3 Bd8 29. Rb1 Rb4 30. Ra4 Bb6 31. g3 Rc7 32. Kf1 Ra7 33. Rba1 Rxa4
34. bxa4 Bc5 35. Rb1 Bb4 1/2-1/2

[Event "NB II. Erkel csoport"]
[Site "Budapest"]
[Date "2024.03.10"]
[Round "6.3"]
[White "Sofrygin, Alexey"]
[Black "Suto, Gabor"]
[Result "1/2-1/2"]
[WhiteElo "2212"]
[BlackElo "2153"]
[PlyCount "38"]
[EventDate "2023.10.08"]
[EventType "team-tourn"]
[EventRounds "9"]
[EventCountry "HUN"]
[Source "chess.hu"]
[WhiteTeam "Fot SE-LearningChess"]
[BlackTeam "TFSE"]
[WhiteTeamCountry "HUN"]
[BlackTeamCountry "HUN"]

1. Nf3 Nf6 2. g3 d5 3. Bg2 Bg4 4. O-O Nbd7 5. d4 e6 6. Nbd2 Be7 7. Re1 O-O 8.
e4 dxe4 9. Nxe4 c5 10. c3 Qb6 11. Qb3 Bxf3 12. Bxf3 cxd4 13. cxd4 Nxe4 14. Qxb6
Nxb6 15. Bxe4 Bb4 16. Re3 Rad8 17. a3 Be7 18. Bxb7 Bf6 19. Re2 Bxd4 1/2-1/2

[Event "NB II. Erkel csoport"]
[Site "Budapest"]
[Date "2024.03.10"]
[Round "6.4"]
[White "Biro, Zsolt"]
[Black "Gubics, Peter"]
[Result "1/2-1/2"]
[WhiteElo "1931"]
[BlackElo "1972"]
[PlyCount "49"]
[EventDate "2023.10.08"]
[EventType "team-tourn"]
[EventRounds "9"]
[EventCountry "HUN"]
[Source "chess.hu"]
[WhiteTeam "TFSE"]
[BlackTeam "Fot SE-LearningChess"]
[WhiteTeamCountry "HUN"]
[BlackTeamCountry "HUN"]

1. e4 e6 2. Qe2 c5 3. Nf3 Nc6 4. g3 g6 5. Bg2 Bg7 6. O-O d6 7. c3 Nge7 8. d4
cxd4 9. cxd4 Nxd4 10. Nxd4 Bxd4 11. Bh6 Nc6 12. Nc3 a6 13. Rad1 Bf6 14. Kh1 Nd4
15. Qd2 Bd7 16. Rfe1 Bc6 17. Nd5 e5 18. f4 Rg8 19. a4 Bg7 20. Bxg7 Rxg7 21.
fxe5 dxe5 22. Qh6 Kf8 23. a5 Bxd5 24. exd5 Qd6 25. Rc1 1/2-1/2

[Event "NB II. Erkel csoport"]
[Site "Budapest"]
[Date "2024.03.10"]
[Round "6.5"]
[White "Dancs, Zsolt"]
[Black "Gyorfi, Adam"]
[Result "1/2-1/2"]
[WhiteElo "2064"]
[BlackElo "2042"]
[PlyCount "81"]
[EventDate "2023.10.08"]
[EventType "team-tourn"]
[EventRounds "9"]
[EventCountry "HUN"]
[Source "chess.hu"]
[WhiteTeam "Fot SE-LearningChess"]
[BlackTeam "TFSE"]
[WhiteTeamCountry "HUN"]
[BlackTeamCountry "HUN"]

1. e4 c5 2. Nf3 d6 3. Nc3 Nf6 4. d4 cxd4 5. Nxd4 g6 6. Be3 Bg7 7. f3 a6 8. Qd2
b5 9. Bh6 O-O 10. Bxg7 Kxg7 11. O-O-O Qa5 12. Kb1 Bb7 13. Qg5 e6 14. Nb3 Qb6
15. h4 h5 16. g4 Rh8 17. Be2 Nbd7 18. Qd2 hxg4 19. h5 gxf3 20. h6+ Kh7 21. Bxf3
Ne5 22. Rhf1 Rhf8 23. Qf4 Ng8 24. Be2 b4 25. Na4 Qc6 26. Na5 Qxe4 27. Nxb7 Qxe2
28. Nxd6 f6 29. Nc5 Qg4 30. Rd4 Qxf4 31. Rdxf4 Rfd8 32. Nde4 Re8 33. Nxf6+ Nxf6
34. Rxf6 Rac8 35. Nxe6 Rc6 36. Ng5+ Kxh6 37. Rxc6 Nxc6 38. Nf7+ Kg7 39. Ng5 Kh6
40. Nf7+ Kg7 41. Ng5 1/2-1/2

[Event "NB II. Erkel csoport"]
[Site "Budapest"]
[Date "2024.03.10"]
[Round "6.6"]
[White "Guber, Peter"]
[Black "Piroska, Istvan"]
[Result "0-1"]
[WhiteElo "1934"]
[BlackElo "1957"]
[PlyCount "64"]
[EventDate "2023.10.08"]
[EventType "team-tourn"]
[EventRounds "9"]
[EventCountry "HUN"]
[Source "chess.hu"]
[WhiteTeam "TFSE"]
[BlackTeam "Fot SE-LearningChess"]
[WhiteTeamCountry "HUN"]
[BlackTeamCountry "HUN"]

1. e4 e5 2. Nf3 Nc6 3. Bc4 Bc5 4. c3 Nf6 5. d3 d6 6. b4 Bb6 7. a4 a5 8. b5 Ne7
9. O-O h6 10. h3 Ng6 11. Re1 Qe7 12. Be3 Bxe3 13. fxe3 b6 14. Bd5 Nxd5 15. exd5
Bd7 16. Nbd2 O-O-O 17. d4 e4 18. Nh2 Nh4 19. Qe2 Rhe8 20. Qf2 f5 21. Nhf1 g5
22. Ng3 Rg8 23. Kh2 g4 24. Rg1 Rdf8 25. Rae1 Ng6 26. Ne2 f4 27. hxg4 Bxg4 28.
Rgf1 f3 29. Ng3 Nh4 30. gxf3 Nxf3+ 31. Nxf3 Bxf3 32. Ne2 Bxe2 0-1

[Event "NB II. Erkel csoport"]
[Site "Budapest"]
[Date "2024.03.10"]
[Round "6.7"]
[White "Meszaros, Matyas"]
[Black "Molnar, Gabor"]
[Result "1/2-1/2"]
[WhiteElo "2021"]
[BlackElo "1978"]
[PlyCount "28"]
[EventDate "2023.10.08"]
[EventType "team-tourn"]
[EventRounds "9"]
[EventCountry "HUN"]
[Source "chess.hu"]
[WhiteTeam "Fot SE-LearningChess"]
[BlackTeam "TFSE"]
[WhiteTeamCountry "HUN"]
[BlackTeamCountry "HUN"]

1. d4 Nf6 2. c4 e6 3. Nc3 Bb4 4. e3 b6 5. Nge2 Bb7 6. a3 Bxc3+ 7. Nxc3 O-O 8.
Bd3 d6 9. e4 Nbd7 10. O-O e5 11. d5 a5 12. b3 Re8 13. Be3 Nc5 14. Bc2 Bc8
1/2-1/2